Quiz sulle Marche - Statistics

Statistiche generali
  • Questo quiz è stato fatto 1.930 volte
  • Il punteggio medio è 15 su 24
Statistiche sulle risposte
Definizioni Risposte % Corretto
Capoluogo di Regione Ancona
98%
Numero di Regioni confinanti Cinque
96%
Mare che bagna la Regione Mar Adriatico
95%
Stato estero confinante con le Marche San Marino
95%
Poeta di "A Silvia" e dell' "Infinito" Giacomo Leopardi
88%
Altre Province Pesaro-Urbino
88%
Altre Province Ascoli Piceno
85%
Altre Province Macerata
81%
Altre Province Fermo
76%
Località che gli diede i natali Recanati
73%
Il suo "metodo" educativo fu rivoluzionario nel campo della didattica Maria Montessori
66%
Località nota per le sue cartiere Fabriano
61%
Vezzali, Trillini e Di Francisca sono altre sue concittadine, campionesse di questa disciplina sportiva Scherma
57%
Località nota per le sue grotte Frasassi
55%
Un tipico piatto regionale è composto da questi piccoli frutti verdi ripieni e fritti Olive
55%
Pittore che ha affrescato delle Stanze in Vaticano Raffaello Sanzio
51%
Promontorio del capoluogo Conero
49%
Compositore de "Il Barbiere di Siviglia" Gioacchino Rossini
45%
Località che ha dato i natali al calciatore Roberto Mancini Jesi
44%
Vi sorge una Basilica che conserva la reliquia mariana della Santa Casa di Nazareth Loreto
36%
Uccello presente sul suo stemma regionale Picchio verde
33%
Località il cui castello si dice fu teatro della storia d'amore tra Paolo e Francesca Gradara
30%
Nome di uno dei due fiumi più lunghi delle Marche Metauro | Tronto
30%
Castelfidardo è conosciuta per la produzione artigianale di questo strumento musicale Fisarmonica
26%
Nessun quiz corrispondente trovato
Distribuzione punteggi
Percentuale di utenti per punteggio
Percentile per numero di risposta
I tuoi punteggi nel tempo
Non hai fatto questo quiz